| Tag |
First Indicator |
Second Indicator |
Subfields |
| LEADER |
00000cam a2200000 a 4500 |
| 001 |
in00000001524 |
| 007 |
he bmb024bbca |
| 008 |
981110s1997 dcu b f000 0 eng c |
| 005 |
20230309222517.7 |
| 035 |
|
|
|a (OCoLC)ocm40278365
|
| 035 |
|
|
|9 AJB5536AM
|
| 035 |
|
|
|a in00000001524
|
| 037 |
|
|
|a 159521
|b GAO (202) 512-6000 (Voice); (202) 512-6061 (Fax)
|f paper copy
|
| 040 |
|
|
|a GPO
|c GPO
|d DLC
|d MvI
|d UtOrBLW
|
| 043 |
|
|
|a n-us---
|
| 049 |
|
|
|a UMIC
|
| 049 |
|
|
|a WWW
|
| 074 |
|
|
|a 0546-D-01 (MF)
|
| 074 |
|
|
|a 0546-D-01 (online)
|
| 086 |
0 |
|
|a GA 1.5/2:T-GGD-98-24
|
| 100 |
1 |
|
|a Stevens, L. Nye.
|
| 245 |
1 |
0 |
|a Federal Advisory Committee Act :
|b overview of advisory committees since 1993 : statement of L. Nye Stevens, Director, Federal Management and Workforce Issues, General Government Division, before the Subcommittee on Government Management, Information, and Technology, Committee on Government Reform and Oversight, House of Representatives /
|c United States General Accounting Office.
|
| 246 |
3 |
0 |
|a Overview of advisory committees since 1993
|
| 264 |
|
1 |
|a Washington, D.C. :
|b The Office,
|c [1997]
|
| 300 |
|
|
|a 10 pages, 2 unnumbered pages ;
|c 28 cm.
|
| 336 |
|
|
|a text
|b txt
|2 rdacontent
|
| 337 |
|
|
|a microform
|b h
|2 rdamedia
|
| 338 |
|
|
|a microfiche
|b he
|2 rdacarrier
|
| 490 |
1 |
|
|a Testimony ;
|v GAO/T-GGD-98-24
|
| 500 |
|
|
|a Shipping list number: 98-1041-M.
|
| 500 |
|
|
|a "Nov. 5, 1997."
|
| 530 |
|
|
|a Also available via Internet from the GPO Access web site. Address as of 11/05/2001: http://frwebgate.access.gpo.gov/cgi-bin/getdoc.cgi?dbname=gao&docid=f:gg98024t.pdf; current access is available via PURL.
|
| 533 |
|
|
|a Microfiche.
|b [Washington, D.C.] :
|c U.S. General Accounting Office,
|d [1998?]
|e 1 microfiche : negative.
|
| 500 |
|
|
|a Microform.
|
| 650 |
|
0 |
|a Executive advisory bodies
|z United States.
|
| 610 |
1 |
0 |
|a United States.
|b General Services Administration.
|
| 710 |
1 |
|
|a United States.
|b General Accounting Office.
|
| 830 |
|
0 |
|a Testimony ;
|v GAO/T-GGD-98-24.
|
| 856 |
4 |
1 |
|u https://purl.fdlp.gov/GPO/LPS15692
|z Adobe Acrobat reader required.
|t 0
|
| 999 |
|
|
|a MARS
|
| 999 |
f |
f |
|i 042fab88-3e86-3152-8ad7-0d51b27e782e
|s 7af9f4a7-d8eb-3a19-8ea8-e1859835c56e
|t 0
|
| 952 |
f |
f |
|p normal
|a Texas A&M University
|b College Station
|c Sterling C. Evans Library
|d Evans: US Documents Microfiche (3rd floor)
|t 0
|e GA 1.5/2:T-GGD-98-24
|h Superintendent of Documents classification
|i microform -- microfiche
|m A14824374711
|
| 952 |
f |
f |
|a Texas A&M University
|b College Station
|c Electronic Resources
|d Available Online
|t 0
|e GA 1.5/2:T-GGD-98-24
|h Superintendent of Documents classification
|
| 998 |
f |
f |
|a GA 1.5/2:T-GGD-98-24
|t 0
|l Available Online
|
| 998 |
f |
f |
|a GA 1.5/2:T-GGD-98-24
|t 0
|l Evans: US Documents Microfiche (3rd floor)
|